| 000 | 00432 a2200157 4500 | ||
|---|---|---|---|
| 005 | 20260327152745.0 | ||
| 008 | 260327b |||||||| |||| 00| 0 eng d | ||
| 020 | _a9789364875646 | ||
| 080 |
_aFM _bKAR/KA |
||
| 100 | _aKarunakaran | ||
| 245 | _aKappalchetham(കപ്പൽച്ചേതം) | ||
| 260 |
_bD C books. _aKottayam. _c2025. |
||
| 300 | _a112p. | ||
| 653 | _aFiction-Short Story-Malayalam Literature | ||
| 942 | _cOO | ||
| 999 |
_c115295 _d115294 |
||